000 00541nam a22001937a 4500
999 _c4041
_d3998
008 180323b xxu||||| |||| 00| | tur d
020 _a9758950770
041 _atur
050 _aPL248.B74
100 _aAyvazoğlu, Beşir
_9659
245 _aBüyük Ağa: Tarık Buğra
250 _a4. Baskı
260 _aİstanbul:
_bKapı Yayınları,
_c2011
300 _a151 Sayfa
500 _aKapı Yayınları: 74; Beşir Ayvazoğlu Kitaplığı: 2
650 0 _9145
_aTürk Edebiyatı
650 0 _91768
_aAnı Biyografi
942 _2lcc
_cBK